| 000 | 00687 a2200205 4500 | ||
|---|---|---|---|
| 999 |
_c157 _d157 |
||
| 020 | _a9781292023212 | ||
| 050 | _aBF199 COO 2014 | ||
| 100 |
_aCooper, John O. _eauthor |
||
| 245 |
_aApplied behavior analysis / _cJohn O. Cooper, Timothy E. Heron, William L. Heward |
||
| 264 |
_aEssex, England : _bPearson Education, _c2014 |
||
| 300 |
_aiv, 751p. : _bill. |
||
| 500 | _aIncludes bibliographical references and indexes | ||
| 650 |
_aBehaviorism (Psychology) _xTextbooks |
||
| 650 |
_aHuman behavior _xTextbooks |
||
| 650 | _aBehavior | ||
| 650 | _aBehaviorism | ||
| 700 |
_aHeron, Timothy E. _eauthor |
||
| 700 |
_aHeward, William L. _eauthor |
||
| 942 |
_2lcc _cBK _e2nd ed. _h199 _iCOO _kBF |
||